Die Stofflisten des Alten Reiches : Lexikographie, Entwicklung und Gebrauch /

محفوظ في:

المؤلف الرئيسي: Scheele, Katrin (مؤلف)

التنسيق: كتاب

اللغة: German
Ancient Egyptian

سلاسل: Menes, 2.

الموضوعات:

الوسوم: إضافة وسم

لا توجد وسوم, كن أول من يضع وسما على هذه التسجيلة!

رقم الطلب: PJ1025 .M45 v.2

LEADER 01265namaa2200349 4500
001 15417
003 OSt
005 20210728111643.0
008 130303s2005 gw a g b 001 0 ger d
952 |0 0  |1 0  |2 lcc  |3 V.2  |4 0  |6 PJ1025 M45 V.00002  |7 1  |9 17213  |a ARCE  |b ARCE  |d 2021-07-28  |l 0  |o PJ1025 .M45 v.2  |p 1002761  |r 2021-07-28 00:00:00  |w 2021-07-28  |y BK 
999 |c 14041  |d 14041 
010 |a 2005419619 
020 |a 3447050926 
040 |c ARCE Library 
041 0 |a ger  |a egy 
043 |a f-ua--- 
050 0 4 |a PJ1025 .M45 v.2 
100 1 |a Scheele, Katrin,  |e author 
245 1 4 |a Die Stofflisten des Alten Reiches :  |b Lexikographie, Entwicklung und Gebrauch /  |c Katrin Scheele. 
264 1 |a Wiesbaden :  |b [Harrassowitz],  |c 2005. 
300 |a viii, 170, [18] pages of plates :  |b illustrations ;  |c 26 cm. 
490 1 |a Menes,   |x 1614-8665 ;   |v 2. 
504 |a Includes bibliographical references (pages [157]-166) and index. 
546 |a Text in Germany and Egyptian. 
555 |a wafaa.lib. 
650 0 |a Egyptian language  |x Terms and phrases. 
650 0 |a Textile fabrics, Ancient  |z Egypt  |v Inventories. 
650 0 |a Textile fabrics, Ancient  |z Egypt  |x Terminology. 
650 0 |a Tombs  |z Egypt. 
830 0 |a Menes,   |x 1614-8665 ;   |v 2. 
901 |a reviewed 
942 |c BK  |2 lcc